000 00219nam a2200097Ia 4500
008 240331s9999 xx 000 0 und d
082 _bHUM
100 _aUNHCR. ed
245 0 _aHuman right :
_bthe new consensus
942 _cL
999 _c2510
_d2510